Frankenstein / (Registro nro. 173019)

Detalles MARC
000 -LEADER
campo de control de longitud fija 00767nam a2200241 4500
001 - NÚMERO DE CONTROL
campo de control 173019
003 - IDENTIFICADOR DE NÚMERO DE CONTROL
campo de control ES-MaACL
005 - FECHA Y HORA DE LA ÚLTIMA TRANSACCIÓN
campo de control 20230906215116.0
008 - DATOS DE LONGITUD FIJA--INFORMACIÓN GENERAL
campo de control de longitud fija 091006s1995 sp | |||| ||spa d
017 ## - NÚMERO DE COPYRIGHT O DE DEPÓSITO LEGAL
Número de copyright o de depósito legal B 6313-1995
020 ## - NÚMERO INTERNACIONAL ESTÁNDAR DEL LIBRO
Número Internacional Estándar del Libro 84-406-1953-7
080 ## - NÚMERO DE LA CLASIFICACIÓN DECIMAL UNIVERSAL
Número de la Clasificación Decimal Universal 821.111-31"18"
100 1# - ENTRADA PRINCIPAL--NOMBRE DE PERSONA
Nombre de persona Shelley, Mary Wollstonecraft.
9 (RLIN) 106070
245 10 - MENCIÓN DEL TÍTULO
Título Frankenstein /
Mención de responsabilidad, etc. Mary Shelley ; [traducción, Manuel Serrat Crespo].
250 ## - MENCION DE EDICION
Mención de edición 1ª ed., 1ª reimp.
260 ## - PUBLICACIÓN, DISTRIBUCIÓN, ETC.
Lugar de publicación, distribución, etc. Barcelona :
Nombre del editor, distribuidor, etc. Ediciones B,
Fecha de publicación, distribución, etc. 1995.
300 ## - DESCRIPCIÓN FÍSICA
Extensión 315, [2] p. ;
Dimensiones 18 cm.
490 1# - MENCIÓN DE SERIE
Mención de serie VIB ;
Designación de volumen o secuencia 163/1
700 1# - ENTRADA AGREGADA--NOMBRE PERSONAL
Nombre de persona Serrat Crespo, Manuel.
9 (RLIN) 105816
830 0# - PUNTO DE ACCESO ADICIONAL DE SERIE-TÍTULO UNIFORME
Título uniforme VIB ;
Designación de volumen o secuencia 163/1
9 (RLIN) 189183
852 4# - LOCALIZACIÓN
Ubicación ES-MaACL
Número de control de estantería E-13006
itemnumber R.139357 . -
Nota libre Biblioteca Jacinto Martínez Lacalle
Existencias
Estatus retirado Estado de pérdida Estado de daño No para préstamo Biblioteca de origen Biblioteca actual Ubicación en estantería Fecha de adquisición Fuente de adquisición Total de préstamos Signatura topográfica completa Código de barras Visto por última vez Fecha del último préstamo Precio de reemplazo Tipo de ítem Koha
        Biblioteca del Ateneo de Madrid Biblioteca del Ateneo de Madrid Depósito 2 06/10/2009   1 E-13006 1181549 15/04/2026 20/03/2026 23/02/2023 Libro impreso